Հավատարիմ` ինքնությանը / (Record no. 474329)
[ view plain ]
| 000 -LEADER | |
|---|---|
| fixed length control field | 00860nam a2200241 a 4500 |
| 001 - CONTROL NUMBER | |
| control field | 000980358 |
| 003 - CONTROL NUMBER IDENTIFIER | |
| control field | AM-YEHGA |
| 005 - DATE AND TIME OF LATEST TRANSACTION | |
| control field | 20250618075548.0 |
| 008 - FIXED-LENGTH DATA ELEMENTS--GENERAL INFORMATION | |
| fixed length control field | 130904s2011 ai o||||||||||||||0|arm|d |
| 020 ## - INTERNATIONAL STANDARD BOOK NUMBER | |
| International Standard Book Number | 9789939570396 |
| 040 ## - CATALOGING SOURCE | |
| Original cataloging agency | AM-YeHGA |
| 041 0# - LANGUAGE CODE | |
| Language code of text/sound track or separate title | arm |
| 090 ## - LOCALLY ASSIGNED LC-TYPE CALL NUMBER (OCLC); LOCAL CALL NUMBER (RLIN) | |
| -- | 477617 |
| 100 1# - MAIN ENTRY--PERSONAL NAME | |
| Personal name | Գևորգյան, Լարիսա Զավենի, |
| Dates associated with a name | 1951- |
| 9 (RLIN) | 3438 |
| 245 10 - TITLE STATEMENT | |
| Title | Հավատարիմ` ինքնությանը / |
| Statement of responsibility, etc. | Լ. Գևորգյան ; Խմբ.՝ Մ. Կարախանյան. |
| 260 ## - PUBLICATION, DISTRIBUTION, ETC. | |
| Place of publication, distribution, etc. | Երևան : |
| Name of publisher, distributor, etc. | Նոյյան Տապան, |
| Date of publication, distribution, etc. | 2011. |
| 300 ## - PHYSICAL DESCRIPTION | |
| Extent | 340 էջ, 24 ներդ. թ. : |
| Other physical details | գուն. լուսանկ. |
| 600 14 - SUBJECT ADDED ENTRY--PERSONAL NAME | |
| Personal name | Լևոնյան, Ռընե |
| 650 14 - SUBJECT ADDED ENTRY--TOPICAL TERM | |
| Topical term or geographic name entry element | Հայ հուշագրություն |
| 9 (RLIN) | 5766 |
| 650 14 - SUBJECT ADDED ENTRY--TOPICAL TERM | |
| Topical term or geographic name entry element | Հայ Ավետարանական եկեղեցի |
| 700 1# - ADDED ENTRY--PERSONAL NAME | |
| Personal name | Կարախանյան, Մարիամ |
| Relator term | խմբ. |
| Relationship | edt |
| 942 ## - ADDED ENTRY ELEMENTS (KOHA) | |
| Source of classification or shelving scheme | Universal Decimal Classification |
| Koha item type | Գրքեր / Books |
| Withdrawn status | Lost status | Source of classification or shelving scheme | Damaged status | Not for loan | Collection | Home library | Current library | Date acquired | Total checkouts | Full call number | Barcode | Date last seen | Price effective from | Koha item type | Public note |
|---|---|---|---|---|---|---|---|---|---|---|---|---|---|---|---|
| Universal Decimal Classification | General | Fundamental Scientific Library | Fundamental Scientific Library | 31/07/2018 | AII/103661 | FL0514417 | 31/07/2018 | 31/07/2018 | Գրքեր / Books | 30 Days Loan | |||||
| General | Fundamental Scientific Library | Fundamental Scientific Library | 01/02/2024 | AII/111454 | FL0681928 | 01/02/2024 | 01/02/2024 | Գրքեր / Books | 30 Days Loan |
ՀՀ Գիտությունների ազգային ակադեմիայի հիմնարար գիտական գրադարան = Fundamental Scientific Library of NAS RA
All site content, except where otherwise noted, is licensed under a